000 00578nam a2200229Ia 4500
003 OSt
005 20220918210144.0
006 a|||||r|||| 00| 0
007 ta
008 220917b |||||||| |||| 00| 0 eng d
024 _a119,339
037 _cTextual
040 _aARTS
_cARTS
_beng
041 _2eng
_aeng
082 _aV73:21xL51:19, K6
100 _aKoch Adrienne
_941087
245 0 _aMadison's advice to my country
260 _c1966
650 _aHISTORY
942 _hV73:21xL51:19, K6
_cTEXL
_2CC
999 _c242606
_d242606